MARC details
| 000 -LÍDER |
| campo de controle de tamanho fixo |
01095nac a22003257a 4500 |
| 001 - NÚMERO DE CONTROLE |
| campo de controle |
BR8107203 |
| 003 - IDENTIFICADOR DO NÚMERO DE CONTROLE |
| campo de controle |
BR-BrBNA |
| 005 - DATA E HORÁRIO DA ÚLTIMA TRANSAÇÃO |
| campo de controle |
20240105115124.0 |
| 008 - CAMPO DE DADOS FIXOS--INFORMAÇÃO GERAL |
| campo de controle de tamanho fixo |
230509b bl.|||m| |||| 00| 0 por d |
| 040 ## - FONTE DA CATALOGAÇÃO |
| Instituição da catalogação original |
BR-BrBNA |
| Idioma da catalogação |
por |
| Instituição que transcreveu o registro |
Biblioteca Nacional de Agricultura |
| 072 ## - CÓDIGO DE CATEGORIA DE ASSUNTO |
| Código de Categoria de Assunto |
F10; F60; P10 |
| 090 ## - NÚMERO DE CHAMADA LOCAL |
| Número de chamada |
F10 BR8107203 |
| 100 1# - ENTRADA PRINCIPAL--NOME PESSOAL |
| Nome pessoal |
Berlato, M.A. |
| 100 1# - ENTRADA PRINCIPAL--NOME PESSOAL |
| Nome pessoal |
Molion, L.C.B. (Instituto de Pesquisas Espaciais, Sao Jose dos Campos, SP (Brazil)) |
| 110 1# - ENTRADA PRINCIPAL--NOME CORPORATIVO |
| Nome corporativo ou nome da jurisdição |
Instituto de Pesquisas Agronomicas, Porto Alegre, RS (Brasil) |
| 9 (RLIN) |
6134 |
| 245 1# - TÍTULO |
| Título |
Evaporacao e evapotranspiracao |
| 260 3# - PUBLICAÇÃO, DISTRIBUIÇÃO, ETC. |
| Local de publicação, distribuição, etc. |
Porto Alegre, RS (Brasil): |
| Data da publicação, distribuição, etc. |
1981. |
| 300 ## - DESCRIÇÃO FÍSICA |
| Extensão |
96 p. |
| 490 ## - TÍTULO DA SÉRIE |
| Título da série |
Boletim Tecnico - Instituto de Pesquisas Agronomicas (Brazil) |
| Número do volume ou designação sequencial da série |
no. 7 |
| ISSN - International Standard Serial Number |
ISSN 0100-3062 |
| 500 ## - NOTA GERAL |
| Nota geral |
6 tables; 8 illus.; Bibliography p. 90-95 (54 ref.); Summary (Pt) |
| 650 ## - ASSUNTO--TERMO TÓPICO |
| Cabeçalho tópico ou nome geográfico |
METEOROLOGIA |
| 650 ## - ASSUNTO--TERMO TÓPICO |
| Cabeçalho tópico ou nome geográfico |
EVAPORACAO |
| 650 ## - ASSUNTO--TERMO TÓPICO |
| Cabeçalho tópico ou nome geográfico |
EVAPOTRANSPIRACAO |
| 650 ## - ASSUNTO--TERMO TÓPICO |
| Cabeçalho tópico ou nome geográfico |
ATMOSFERA |
| 650 ## - ASSUNTO--TERMO TÓPICO |
| Cabeçalho tópico ou nome geográfico |
SOLO |
| 650 ## - ASSUNTO--TERMO TÓPICO |
| Cabeçalho tópico ou nome geográfico |
BALANCO HIDRICO |
| 650 ## - ASSUNTO--TERMO TÓPICO |
| Cabeçalho tópico ou nome geográfico |
AGUA |
| 909 ## - |
| -- |
202312 |
| -- |
Lúcia Elande |
| -- |
55 |
| -- |
Lúcia Elande |
| 942 ## - ELEMENTOS DE ENTRADA ADICIONADOS (KOHA) |
| Fonte da classificação ou esquema de arquivamento na estante |
Classificação AGRIS |
| Ocultar no OPAC |
Não |
| Tipo de material Koha |
Monografia Seriada |